书目信息 |
| 题名: |
人书情未了
|
|
| 作者: | 俞晓群 [著] | |
| 分册: | ||
| 出版信息: | 北京 东方出版社 2003.09 |
|
| 页数: | 266页 | |
| 开本: | 21cm | |
| 丛书名: | ||
| 单 册: | ||
| 中图分类: | G23-53 | |
| 科图分类: | ||
| 主题词: | 随笔--sui bi--中国--当代--作品集 , 出版工作--chu ban gong zuo--文集 , 出版工作 | |
| 电子资源: | ||
| ISBN: | 7-5060-1727-X | |
| 000 | 00863nam0 2200277 450 | |
| 001 | CAL 012003182875 | |
| 005 | 20050508105347.1 | |
| 010 | @a7-5060-1727-X@dCNY 19.80 | |
| 099 | @aCAL 012003182875 | |
| 100 | @a20031210d2003 emky0chiy0121 ea | |
| 101 | 0 | @achi |
| 102 | @aCN@b110000 | |
| 105 | @aa z 000cy | |
| 200 | 1 | @a人书情未了@Aren shu qing wei le@e一个出版人的手记@f俞晓群著@Fyu xiao qun zhu |
| 210 | @a北京@c东方出版社@d2003.09 | |
| 215 | @a266页@c图@d21cm | |
| 517 | 1 | @a一个出版人的手记@Ayi ge chu ban ren de shou ji |
| 606 | 0 | @a随笔@Asui bi@y中国@z当代@j作品集 |
| 606 | 0 | @a出版工作@Achu ban gong zuo@j文集 |
| 606 | 0 | @a出版工作 |
| 690 | @aG23-53@v4 | |
| 701 | 0 | @a俞晓群@Ayu xiao qun@4[著]@4著 |
| 801 | 0 | @aCN@bXMU@c20031210 |
| 905 | @a10447@dG23-53@eY805 | |
| 906 | @b黄河水利职业技术学院图书馆@dCNY 19.80@n3@r1 | |
| 998 | @aXMU | |
| 人书情未了:一个出版人的手记/俞晓群著.-北京:东方出版社,2003.09 |
| 266页:图;21cm |
| ISBN 7-5060-1727-X:CNY 19.80 |
| ● |
| 相关链接 |
|
|
|
正题名:人书情未了
索取号:G23-53/Y805
 
预约/预借
| 序号 | 登录号 | 条形码 | 馆藏地/架位号 | 状态 | 备注 |
| 1 | 534418 | 205344180 | 社科库409/409社科库 58排4列2层/ [索取号:G23-53/Y805] | 在馆 | |
| 2 | 534419 | 205344199 | 社科库409/409社科库 58排4列2层/ [索取号:G23-53/Y805] | 在馆 | |
| 3 | 534420 | 205344206 | 社科库409/409社科库 58排4列2层/ [索取号:G23-53/Y805] | 在馆 |